Virginia Counties - Sudden Death - Statistics

General Stats
  • This quiz has been taken 48 times
    46 since last reset
  • The average score is 30 of 42
Answers on the Grid
Answers color-coded by a green-red scale on the quiz's grid according to % correct below.
Accomack
Adams
Albemarle
Amherst
Bland
Berkeley
Botetourt
Brown
Calvert
Caroline
Carroll
Columbus
Dare
Defiance
Dinwiddie
Dorchester
Eastland
Edwards
Ellisworth
Essex
Fairfax
Fairfield
Fauquier
Floyd
Garrett
Goochland
Grant
Greensville
Hampshire
Halifax
Hamilton
Highland
Independence
Indian River
Island
Isle of Wight
Jackson
James City
Jefferson
Johnson
Kent
King and Queen
King William
Kings
Lawrence
Lee
Loudoun
Lunenburg
Madison
Mason
Middlesex
Monroe
New Castle
New Kent
Northumberland
Nottoway
Oakland
Orange
Orangeburg
Oxford
Page
Patrick
Pendleton
Pulaski
Queens
Queen Anne's
Quitman
Ziebach
Randolph
Rockbridge
Rockingham
Russell
Shenandoah
Southampton
Spotsylvania
St. Mary's
Taylor
Tazewell
Tyler
Tucker
Ulster
Unicoi
Union
Upshur
Valley
Vance
Venango
Victoria
Ward
Washington
Wayne
Westmoreland
Yadkin
Yancey
Yates
York
 
Answer Stats
Answer % Correct
Accomack
89%
Caroline
83%
Lee
83%
Albemarle
78%
Amherst
78%
Bland
78%
Botetourt
78%
King William
78%
Loudoun
78%
Rockingham
78%
Carroll
72%
Fairfax
72%
Fauquier
72%
Goochland
72%
Greensville
72%
Isle of Wight
72%
King and Queen
72%
Lunenburg
72%
Madison
72%
Page
72%
Pulaski
72%
Shenandoah
72%
Westmoreland
72%
Dinwiddie
67%
Essex
67%
Halifax
67%
Highland
67%
New Kent
67%
Nottoway
67%
Orange
67%
Southampton
67%
Spotsylvania
67%
Tazewell
67%
York
67%
Floyd
61%
James City
61%
Middlesex
61%
Northumberland
61%
Patrick
61%
Rockbridge
61%
Russell
61%
Washington
61%
No matching quizzes found
Score Distribution
Percent of People with Each Score
Percentile by Number Answered
Your Score History
You have not taken this quiz since the last reset